[Event "Open Oberwart  2001"]
[Site "Oberwart (Burgenland/Austria)"]
[Date "2001.07.15"]
[Round "9"]
[White "Wegerer, Fred"]
[Black "Mahdy, Khaled"]
[Result "0-1"]
[WhiteElo "2230"]
[BlackElo "2348"]
[PlyCount "109"]
[EventDate "2001.07.15"]

1. Nf3 Nf6 2. g3 g6 3. b3 Bg7 4. Bb2 c5 5. c4 Nc6 6. Bg2 d6 7. O-O O-O 8. d3 a6
9. Qd2 Rb8 10. Ne1 Bd7 11. Nc3 b5 12. Nd5 Ne8 13. Bxg7 Nxg7 14. Nc2 e6 15. Nc3
Qe7 16. e3 Rfd8 17. Rfd1 Be8 18. Rac1 Na7 19. Ne2 Bc6 20. e4 f5 21. Ne3 Qb7 22.
f3 b4 23. Nf4 Rf8 24. Rf1 Rbe8 25. Rce1 g5 26. Nh3 f4 27. Nc2 Qe7 28. d4 e5 29.
dxc5 dxc5 30. Rd1 Rd8 31. Qf2 Ne6 32. gxf4 gxf4 33. Kh1 a5 34. Rg1 Kh8 35. Rd2
Rxd2 36. Qxd2 Rd8 37. Qe1 Be8 38. Nf2 Nc6 39. Bh3 Ned4 40. Nxd4 Nxd4 41. Qd1
Bh5 42. Bg4 Bg6 43. Qf1 Rg8 44. Qh3 Bf7 45. Rg2 a4 46. Bf5 h5 47. bxa4 Rxg2 48.
Qxg2 48... Qf6 { } 49. Nd3 Bxc4 50. Nxe5 Qxe5 51. Qg5 Nxf5 52. Qxh5+ Kg7 53.
Qg5+ Kf8 54. Qd8+ Kf7 55. Qd7+ 0-1

[Event "Open Oberwart  2001"]
[Site "Oberwart (Burgenland/Austria)"]
[Date "2001.07.15"]
[Round "9"]
[White "Zsinka, Laszlo"]
[Black "Meijer, Johannes"]
[Result "1/2-1/2"]
[WhiteElo "2348"]
[BlackElo "2255"]
[Annotator "FRITZ 6"]
[PlyCount "93"]
[EventDate "2001.07.15"]

1. d4 Nf6 2. c4 e6 3. Nc3 Bb4 4. e3 O-O 5. Bd3 d6 6. Nf3 Nbd7 7. O-O Bxc3 8.
bxc3 e5 9. e4 Re8 10. Re1 Nf8 11. c5 Ng6 12. cxd6 cxd6 13. Rb1 Qc7 14. Bd2 Be6
15. Rb4 h6 16. h3 Bd7 17. d5 Nh5 18. Kh2 Nhf4 19. Bf1 f5 20. g3 fxe4 21. Rexe4
Nh5 22. Nh4 Nxh4 23. Rxh4 Nf6 24. Qb1 e4 25. Qc1 Bf5 26. Be3 Qf7 27. c4 b6 28.
Be2 Nd7 29. Bh5 Bg6 30. Rf4 Nf6 31. Bg4 Nxg4+ 32. Rxg4 Bh5 33. Rf4 Qd7 34. Rh4
Bf3 35. Bxh6 gxh6 36. Qxh6 Qg7 37. Qxd6 { } 37... Rad8 (37... e3 38. Rf4 e2 39.
Rb1 39... e1=Q $17) 38. Qf4 Rf8 39. Qe3 Qa1 40. Qg5+ Qg7 41. Qe3 Rf6 42. c5
Rxd5 43. Rd4 Rxd4 44. Qxd4 bxc5 45. Qd5+ Qf7 46. Qg5+ Qg7 (46... Qg6 47. Qd5+
Kg7 48. Qxc5 $19) 47. Qd5+ 1/2-1/2

[Event "Open Oberwart  2001"]
[Site "Oberwart (Burgenland/Austria)"]
[Date "2001.07.15"]
[Round "9"]
[White "Zimmerman, Yuri"]
[Black "Karner, Christoph"]
[Result "0-1"]
[WhiteElo "2346"]
[BlackElo "2240"]
[PlyCount "78"]
[EventDate "2001.07.15"]

1. d4 Nf6 2. c4 g6 3. Nc3 Bg7 4. e4 d6 5. f4 O-O 6. Nf3 Na6 7. Bd3 e5 8. fxe5
dxe5 9. d5 Ne8 10. O-O c5 11. dxc6 bxc6 12. Be3 Nec7 13. a3 Ne6 14. b4 Nd4 15.
c5 Nc7 16. Ne2 a5 17. Nexd4 exd4 18. Bf4 Ba6 19. Bd6 Re8 20. e5 Bxd3 21. Qxd3
Nb5 22. Nxd4 Nxd4 23. Qxd4 Rxe5 24. Qc4 Re6 25. Rab1 axb4 26. Rxb4 Qd7 27. Qb3
Rae8 28. Rbf4 Kh8 29. a4 f5 30. a5 Re2 31. Qc4 Qb7 32. Qb4 Qa6 33. Qb6 33...
Qd3 { } 34. Qxc6 Bd4+ 35. Kh1 Re1 36. Qf3 Qb1 37. h3 Rxf1+ 38. Qxf1 Re1 39.
Be5+ Bxe5 0-1

[Event "Open Oberwart  2001"]
[Site "Oberwart (Burgenland/Austria)"]
[Date "2001.07.15"]
[Round "9"]
[White "Herbst, Daniel"]
[Black "Foldi, Istvan"]
[Result "1-0"]
[WhiteElo "2118"]
[BlackElo "2341"]
[PlyCount "71"]
[EventDate "2001.07.15"]

1. e4 c6 2. d4 d5 3. exd5 cxd5 4. Bd3 Nf6 5. c3 g6 6. Bf4 Nc6 7. Nf3 Bg7 8.
Nbd2 O-O 9. Qc2 Nh5 10. Bg3 Bg4 11. O-O Rc8 12. Qa4 Qb6 13. Qb3 Nxg3 14. hxg3
Qc7 15. Nh2 Be6 16. Rfe1 a6 17. Qd1 Qd7 18. Nb3 Bf5 19. Nc5 Qc7 20. Bxf5 gxf5
21. Qh5 e6 22. g4 Ne7 23. Re3 Qf4 24. g5 h6 25. Nd7 25... Rfd8 { } 26. Nf6+ Kf8
27. Nh7+ Kg8 28. g3 Qd6 29. gxh6 Bh8 30. Rae1 Rc6 31. Ng5 Rf8 32. g4 e5 33. h7+
Kg7 34. Rxe5 Rc7 35. gxf5 Qf6 36. Ng4 1-0

[Event "Open Oberwart  2001"]
[Site "Oberwart (Burgenland/Austria)"]
[Date "2001.07.15"]
[Round "9"]
[White "Fucak, Emilijo"]
[Black "Hager, Herbert"]
[Result "1-0"]
[WhiteElo "2341"]
[BlackElo "2144"]
[PlyCount "90"]
[EventDate "2001.07.15"]

1. Nf3 c5 2. b3 d6 3. e3 g6 4. Bb2 e5 5. Bb5+ Nc6 6. O-O Bg7 7. d4 exd4 8. exd4
Nge7 9. Qc1 O-O 10. Bxc6 Nxc6 11. dxc5 dxc5 12. Bxg7 Kxg7 13. Nc3 Nd4 14. Nxd4
Qxd4 15. Nb5 Qf6 16. Nc7 Rb8 17. Nd5 Qe5 18. c4 Re8 19. Qa3 b6 20. Rad1 Rb7 21.
Qc1 Be6 22. Rfe1 Qf5 23. Re3 { } 23... Bxd5 24. Rxe8 Bc6 25. Qc3+ f6 26. Ree1
Rd7 27. Rxd7+ Qxd7 28. Qe3 Kf7 29. h3 Qd6 30. Qe2 Qd7 31. Rd1 Qe7 32. Qxe7+
Kxe7 33. f3 h5 34. h4 a5 35. Kf2 Bd7 36. Ke3 Bf5 37. Kf4 Bc2 38. Rd2 Bb1 39. g4
Ke6 40. Re2+ Kf7 41. Rb2 Bd3 42. Rd2 Bb1 43. g5 fxg5+ 44. Kxg5 Ke7 45. Kf4 Bf5
1-0

[Event "Open Oberwart  2001"]
[Site "Oberwart (Burgenland/Austria)"]
[Date "2001.07.15"]
[Round "9"]
[White "Winiwarter, Felix"]
[Black "Lakos, Nikoletta"]
[Result "1/2-1/2"]
[WhiteElo "2141"]
[BlackElo "2339"]
[PlyCount "35"]
[EventDate "2001.07.15"]

1. e4 c6 2. d4 d5 3. exd5 cxd5 4. c4 Nf6 5. Nc3 e6 6. Nf3 Bb4 7. Bd3 dxc4 8.
Bxc4 a6 9. O-O b5 10. Bb3 Bb7 11. Bg5 O-O 12. Qe2 Be7 13. Rad1 b4 14. Na4 Nd5
15. Bxe7 Qxe7 16. Nc5 Bc6 17. Rfe1 Nd7 18. Nxd7 {.} 1/2-1/2

[Event "Open Oberwart  2001"]
[Site "Oberwart (Burgenland/Austria)"]
[Date "2001.07.15"]
[Round "9"]
[White "Dittmar, Peter"]
[Black "Wolfram, Bernd"]
[Result "1-0"]
[WhiteElo "2348"]
[BlackElo "2121"]
[PlyCount "125"]
[EventDate "2001.07.15"]

1. b3 Nc6 2. Bb2 e5 3. c4 d6 4. e3 Bd7 5. Nf3 g6 6. d4 Bg7 7. dxe5 Nxe5 8. Nxe5
dxe5 9. Be2 Bc6 10. O-O Qg5 11. g3 Rd8 12. Qc2 Nh6 13. Nd2 O-O 14. Nf3 Qe7 15.
Rad1 f5 16. Rxd8 Rxd8 17. Rd1 Rf8 18. Qc1 Re8 19. c5 g5 20. Bc4+ Kh8 21. Bd5
Bb5 22. a4 Be2 23. Rd2 Bxf3 24. Bxf3 e4 25. Be2 f4 26. Bxg7+ Qxg7 27. c6 f3 28.
Bf1 b6 29. Rd7 Qe5 30. Qc4 a5 31. h3 Re7 32. Rxe7 Qxe7 33. Qd4+ Kg8 34. Bc4+
Nf7 35. Bd5 Qb4 36. Qxb4 axb4 37. Bxe4 Ne5 38. g4 Kf7 39. Kh2 h6 40. Kg3 Ke6
41. Bxf3 Nd3 42. Be2 Nc5 43. Bc4+ Kd6 44. f3 Kxc6 45. h4 Kd6 46. h5 Ke5 47. Bg8
Kf6 48. f4 Ne4+ 49. Kf3 Nc3 50. Bc4 c5 51. Bg8 Kg7 52. Bc4 Kf6 53. e4 gxf4 54.
Kxf4 Nb1 55. e5+ Kg7 56. Bd5 Nc3 57. Bc4 Nb1 58. Ke3 Nc3 59. e6 Kf6 60. g5+
hxg5 61. h6 Nd1+ 62. Ke2 Nc3+ 63. Kd3 {.} 1-0

[Event "Open Oberwart  2001"]
[Site "Oberwart (Burgenland/Austria)"]
[Date "2001.07.15"]
[Round "9"]
[White "Broekman, Willem"]
[Black "Jurkovic, Ante"]
[Result "0-1"]
[WhiteElo "2192"]
[BlackElo "2308"]
[PlyCount "50"]
[EventDate "2001.07.15"]

1. d4 g6 2. c4 Bg7 3. e4 d6 4. Nc3 Nc6 5. Be3 e5 6. Nge2 f5 7. exf5 gxf5 8. f4
Nf6 9. d5 Ne7 10. Qd2 Ng4 11. O-O-O Bh6 12. Kb1 Ng6 13. g3 O-O 14. Bh3 Nxe3 15.
Qxe3 Kh8 16. Rdf1 Bd7 17. Qd3 exf4 18. gxf4 a6 19. Rhg1 19... Qf6 { } 20. Ng3
Nxf4 21. Rxf4 Bxf4 22. Nh5 Qh6 23. Nxf4 Qxf4 24. Ne2 Qe5 25. Rf1 Rae8 0-1

[Event "Open Oberwart  2001"]
[Site "Oberwart (Burgenland/Austria)"]
[Date "2001.07.15"]
[Round "9"]
[White "Csonka, Attila"]
[Black "Huber, Wolfgang"]
[Result "1/2-1/2"]
[WhiteElo "2300"]
[BlackElo "2131"]
[PlyCount "66"]
[EventDate "2001.07.15"]

1. e4 c6 2. d4 d5 3. Nc3 dxe4 4. Nxe4 Bf5 5. Ng3 Bg6 6. Nf3 Nd7 7. h4 h6 8. h5
Bh7 9. Bd3 Bxd3 10. Qxd3 Ngf6 11. Bf4 Qa5+ 12. Bd2 Qc7 13. O-O-O e6 14. Ne4
O-O-O 15. g3 Nxe4 16. Qxe4 Bd6 17. Qe2 Nf6 18. c4 c5 19. Bc3 cxd4 20. Nxd4 a6
21. Nb3 Bc5 22. Be5 Bd6 23. Rxd6 Rxd6 24. Bxd6 Qxd6 25. Rd1 Qc6 26. Qd3 Qe4 27.
Qd6 Qc6 28. Qd4 Qc7 29. Nc5 e5 30. Qe3 b6 31. Nd3 e4 32. Nf4 Qxc4+ 33. Kb1
33... Kb7 1/2-1/2

[Event "Open Oberwart  2001"]
[Site "Oberwart (Burgenland/Austria)"]
[Date "2001.07.15"]
[Round "9"]
[White "Kranzl, Peter"]
[Black "Petrovic, Silvije"]
[Result "1/2-1/2"]
[WhiteElo "2291"]
[BlackElo "2175"]
[PlyCount "29"]
[EventDate "2001.07.15"]

1. e4 d5 2. exd5 Nf6 3. d4 Nxd5 4. Nf3 Bg4 5. Be2 e6 6. O-O Be7 7. h3 Bh5 8.
Ne5 Bxe2 9. Qxe2 Nd7 10. c4 N5f6 11. Nc3 O-O 12. Rd1 c6 13. Bf4 Re8 14. Rd3 Nf8
15. Rad1 {.} 1/2-1/2

[Event "Open Oberwart  2001"]
[Site "Oberwart (Burgenland/Austria)"]
[Date "2001.07.15"]
[Round "9"]
[White "Sulyok, Michael"]
[Black "Steinert, Martin"]
[Result "0-1"]
[WhiteElo "2278"]
[BlackElo "2115"]
[PlyCount "60"]
[EventDate "2001.07.15"]

1. c4 e5 2. g3 d6 3. d4 Nc6 4. dxe5 dxe5 5. Qxd8+ Nxd8 6. Nc3 c6 7. Nf3 f6 8.
Bg2 Bb4 9. Bd2 Be6 10. b3 Nf7 11. a3 Be7 12. O-O g5 13. e4 h5 14. h4 O-O-O 15.
Be3 Kb8 16. Rfd1 Ngh6 17. hxg5 fxg5 18. Nh2 Rdg8 19. f3 h4 20. g4 Nd8 21. Nf1
Rf8 22. Nd2 Bxg4 23. Rf1 Bc8 24. Nd1 h3 25. Bh1 Ne6 26. b4 Nf4 27. Rf2 Rhg8 28.
Kf1 g4 29. Bxf4 exf4 30. fxg4 30... Nxg4 {.} 0-1